000 00948nam a2200277 a 4500
001 000014556
005 20200929163852.0
008 100114s1999 sp 000 0 spa d
020 _a8483100967
040 _aDO-SdBNP
_bspa
_cBNPHU
041 1 7 _aspa
_heng
_2Código de idioma MARC
082 _a833.914
_bW492t
100 1 _aWerner, Markus,
_d1944-
_932947
240 1 0 _aFestland
_lEspañol
245 1 0 _aTierra firme /
_cMarkus Werner ; traducción de Juan José del Solar.
260 _aBarcelona :
_bTusquets,
_c1999.
300 _a163 p. ;
_c21 cm.
490 1 _aAndanzas
_v370
500 _aEl título original fue en alemán, se tradujó en inglés y luego en español.
534 _pTítulo original en inglés:
_tFestland
_cResidenz Verlag, 1996
650 4 _aNovela suiza
_913268
650 4 _aLiteratura suiza
_ySIGLO XX
_932948
700 1 _aSolar, Juan José de,
_etr.
_932949
830 0 _aAndanzas ;
_v370
_918113
049 _aBNGR
999 _c14143
_d14143